| 000 | 00823cam a2200229 a 4500 | ||
|---|---|---|---|
| 001 | 000008114 | ||
| 005 | 20200929154436.0 | ||
| 008 | 921102s1992 ve a b 000 0 spa | ||
| 020 | _a9800005498 | ||
| 040 |
_aDO-SdBNP _cDLC _dDLC |
||
| 082 |
_a928.87 _bA663nzH |
||
| 100 | 1 |
_aHerrera, Earle, _d1949- _915970 |
|
| 245 | 1 | 3 |
_aLa neblina y el verbo : _bOrlando Araujo uno y múltiple / _cEarle Herrera. |
| 260 |
_aCaracas : _bDireccion de Cultura, Universidad Central de Venezuela, _c1992. |
||
| 300 |
_a230 p. ; _c22 cm. |
||
| 490 | 1 |
_aLetras de Venezuela _vno. 97 |
|
| 490 | 1 | _aEnsayo | |
| 504 | _aIncluye referencias bibliográficas p. 219-227. | ||
| 600 | 1 | 0 |
_aARAUJO, ORLANDO, _d1928- _xCRÍTICA E INTERPRETACIÓN _922027 |
| 830 | 0 |
_aLetras de Venezuela, _pEnsayo ; _vno. 97 _922028 |
|
| 910 | _aCatalogación por copia / LC | ||
| 999 |
_c7891 _d7891 |
||